[Event "Olkhovskiy Memorial rapid"]
[Site "Vinnytsia"]
[Date "2016.04.23"]
[Round "8"]
[White "Shafir, Myhaylo"]
[Black "Babiy, Olga"]
[Result "1-0"]
[WhiteElo "1997"]
[BlackElo "2337"]
[PlyCount "153"]
[EventDate "2016.04.23"]
[EventType "swiss (rapid)"]
[EventRounds "13"]
[EventCountry "UKR"]
[SourceTitle "CBM 172 Extra"]
[Source "ChessBase"]
[SourceDate "2016.06.21"]
[SourceVersion "1"]
[SourceVersionDate "2016.06.21"]
[SourceQuality "1"]

1. e4 c5 2. Nc3 a6 3. a4 e6 4. Nf3 Qc7 5. g3 b6 6. Bg2 Bb7 7. 0-0 d6 8. Re1 Nd7 9. d4 cxd4 10. Nxd4 Be7 11. Kh1 Ngf6 12. Nb3 h5 13. Bg5 Ng4 14. Be3 Nde5 15. Bd4 Nc4 16. f3 Nge5 17. Rb1 h4 18. g4 Bg5 19. Qe2 Bf4 20. h3 0-0-0 21. a5 bxa5 22. Ra1 Rhe8 23. Ra2 d5 24. Bg1 Nc6 25. Nc5 Nb4 26. Raa1 Nxb2 27. Nxb7 Kxb7 28. Na4 Nxa4 29. Rxa4 d4 30. Bf1 Rd6 31. Rea1 Rc6 32. Rxa5 Rxc2 33. Qd1 Be3 34. Bxa6+ Nxa6 35. Rxa6 d3 36. Ra7+ Bxa7 37. Rxa7+ Kc8 38. Rxc7+ Rxc7 39. Qxd3 Rd8 40. Qa6+ Kd7 41. Qa4+ Ke7 42. Qa3+ Ke8 43. Qb2 f6 44. Bf2 Rd1+ 45. Kg2 Rcd7 46. Qb8+ Kf7 47. Bxh4 R1d2+ 48. Bf2 Rc2 49. Kg3 g5 50. Qh8 Rdd2 51. Qh7+ Kf8 52. Qa7 Kg8 53. Qa8+ Kf7 54. Qb7+ Kg6 55. Qb6 e5 56. Kg2 Rb2 57. Qa7 Ra2 58. Qe3 Rdc2 59. Qe1 Re2 60. Qf1 Kf7 61. Kg1 Ke6 62. h4 gxh4 63. Bxh4 Rec2 64. Bf2 Kf7 65. Kg2 Kg6 66. Kg3 Re2 67. Qg2 Kf7 68. Qh2 Ke6 69. g5 Rxf2 70. Qh3+ Kd6 71. gxf6 Rg2+ 72. Qxg2 Rxg2+ 73. Kxg2 Ke6 74. Kg3 Kxf6 75. Kh4 Kg6 76. Kg4 Kf6 77. Kh5 1-0